LEADER 01385nam a2200289 u 4500 001 000000023262 003 CaOOAMICUS 005 20070226111223.0 008 950526s1971 enk u000 u eng u 035 $a10584206 040 $aPUL$bita 100 1 $aSayers, Jane E.$0(OLS)http://pul/name/19632 245 10$aPapal judges delegate in the province of Canterbury 1198-1254 :$ba study in ecclesiastical jurisdiction and administration /$cby Jane E. Sayers. 260 $aOxford :$bUniversity press,$c1971. 300 $axxv, 398 p. ;$c23 cm 490 1 $aOxford historical monographs 500 $aComprende indici. 504 $aBibliografia: p. 357-371. 610 14$aCanterbury (diocesi)$y1198-1254.$0(OLS)http://pul/subject/14382 651 4$aInghilterra$xStoria ecclesiastica$y1066-1485.$0(OLS)http://pul/subject/1566 830 0$aOxford historical monographs.$0(OLS)http://pul/title/32364 850 $aPUL 852 $aPUL$W1$xDP1 Fondo Maccarrone$y58$m1504 E 27$j32635$nBK-PRI$b $qFondi$B32635$CPULBib$Z2$F32635 $H $81 941 1 $a1 961 $aINV: 01297 -- Fondo Mons. M. Maccarrone 996 $6245$aPapal judges delegate in the province of Canterbury 1198-1254 :$ba study in ecclesiastical jurisdiction and administration$9(OLS)http://pul/title/32363 996 $6260$aOxford :$bUniversity press$9(OLS)http://pul/publisher/57659 LEADER 02296nam a2200373 u 4500 001 000000003828 003 CaOOAMICUS 005 20080729101917.0 008 941111s1986 it fh u000 u fre u 035 $a10101443 040 $aPUL(R)$bita$dLDB 041 0 $afre$aara 100 0 $aIbrahim al-?ab?r?n?,$dsec. IX.$kOpere spurie e dubbie.$0(OLS)http://pul/name/3977 245 13$aLe dialogue d'Abraham de Tibériade avec 'Abd Al-Rahman Al-Hasim à Jérusalem vers 820 :$bétude, édition critique et traduction annotée d'un texte théologique chrétien de la littérature arabe /$cpar Giacinto Bulus Marcuzzo ; présentation de Mgr Pietro Rossano. 260 $aRome :$b[A.G.M.],$c1986. 300 $a639 p. :$bfacs. ;$c24 cm 490 1 $aTextes et études sur l'Orient chrétien ;$v03 490 1 $aTheses ad doctoratum in s. theologia (Pontificia Università lateranense) 500 $aContiene: "Lexique du texte du dialogue Arabe-Français avec références aux nn. des versets", p. [535]-626. 502 $aTheses ad doctoratum in s. theologia (Pontificia Università lateranense) 504 $a"Bibliographie": p. [15]-23. 546 $aTesto in arabo con traduzione in lingua francese. 600 04$a'Abd al-Rahman ibn al-Malik ibn Alih al-Hasimi.$0(OLS)http://pul/subject/3167 650 4$aManoscritti arabi.$0(OLS)http://pul/subject/257 650 4$aTeologia$xTesti.$0(OLS)http://pul/subject/3168 700 1 $aRossano, Pietro,$cvescovo,$d1923-1991.$0(OLS)http://pul/name/122 700 1 $aMarcuzzo, Giacinto Bulus,$csac.$0(OLS)http://pul/name/3978 830 0$aTheses ad doctoratum in s. theologia (Pontificia Università Lateranense).$0(OLS)http://pul/title/346 830 0$aTextes et études sur l'Orient chrétien ;$v03.$0(OLS)http://pul/title/142009 850 $aPUL 852 $aPUL$W1$xDP1 Tesi Pon Univ. Lateranense$y41$mTH PUL.THEOL 481$j5278$nBK-PRI$qTesi$B5278$CPULBib$Z2$F5278 $H57755 $82 941 1 $a16 996 $6245$aLe dialogue d'Abraham de Tibériade avec 'Abd Al-Rahman Al-Hasim à Jérusalem vers 820 :$bétude, édition critique et traduction annotée d'un texte théologique chrétien de la littérature arabe$9(OLS)http://pul/title/5592 996 $6260$aRome :$b[A.G.M.]$9(OLS)http://pul/publisher/50121